Linkin Park - Wszystkie piosenki - Statystyki

Ogólne statystyki
  • Ten quiz został rozwiązany 271 razy
  • Średni wynik to 25 z 96
Statystyki odpowiedzi
Odpowiedź % Poprawnych
Numb
94%
In The End
90%
Papercut
66%
What I've Done
66%
Faint
65%
Breaking the Habit
63%
Crawling
63%
Castle Of Glass
62%
BURN IT DOWN
60%
One Step Closer
58%
One More Light
56%
Bleed It Out
51%
New Divide
51%
Somewhere I Belong
51%
LOST IN THE ECHO
50%
Given Up
46%
With You
45%
From the Inside
44%
Figure.09
42%
Heavy
42%
Don't Stay
39%
Lying from You
39%
Runaway
39%
Points of Authority
38%
A Place for My Head
37%
Final Masquerade
34%
My December
34%
No More Sorrow
34%
Pushing Me Away
34%
Waiting for the End
32%
By Myself
31%
Leave Out All The Rest
30%
Talking To Myself
30%
Hit the Floor
29%
Battle Symphony
28%
IN MY REMAINS
28%
The Catalyst
28%
Easier to Run
27%
Valentine's Day
27%
POWERLESS
26%
Shadow of the Day
26%
In Pieces
25%
Foreword
23%
Nobody's Listening
23%
High Voltage
22%
Rebellion
22%
Session
22%
War
22%
In Between
21%
Iridescent
21%
ROADS UNTRAVELED
21%
Sharp Edges
21%
The Messenger
21%
Good Goodbye
20%
Wastelands
20%
Guilty All the Same
19%
Invisible
17%
LIES GREED MISERY
16%
Keys to the Kingdom
15%
Wake
15%
Nobody Can Save Me
14%
A LIGHT THAT NEVER COMES
13%
All for Nothing
13%
Robot Boy
13%
SKIN TO BONE
13%
When They Come for Me
13%
Hands Held High
12%
Sorry for Now
12%
The Little Things Give You Away
12%
UNTIL IT BREAKS
11%
Drawbar
10%
Halfway Right
10%
The Requiem
10%
The Radiance
9%
Empty Spaces
8%
TINFOIL
8%
Wretches and King
8%
And One
7%
Fallout
7%
Step Up
7%
The Line in the Sand
5%
The Summoning
5%
VICTIMED
5%
Carousel
4%
Cure for the Irch
4%
Jornada Del Muerto
4%
Not Alone
4%
She Couldn't
4%
Wisdom, Justice, and Love
3%
Blue
2%
Could Have Been
2%
Pictureboard
2%
Slip
2%
Mark and Graves
1%
So Far Away
1%
Stick N Move
1%
Nie znaleziono quizów pasujących do podanych kryteriów
Rozkład punktacji
Procent ludzi z każdym wynikiem
Percentyl według liczby udzielonych odpowiedzi
Twoja historia wyników
Nie rozwiązałeś tego quizu